Quizzes
Events
Quiz Creation
Community
Videos
Private Events
Remove Ads
Sign In
Join for FREE
Feedback
Dark Mode
Quiz Categories
Sports
Geography
Music
Movies
Television
Just For Fun
Miscellaneous
History
Literature
Language
Science
Gaming
Entertainment
Religion
Holiday
For Kids
Quiz Lab
Recent
Popular Today
Quiz Kudos Today
Editor Picks
Curator Picks
Quizzes by...
Day
Popularity
Type
Ratings
Length
Year
Community
Subscriptions
Recent Discussions
Orange Saloon
Badges
Playlists
Quests
Create
Leaderboards
Showdown
Live 5
Trivia Bingo
Activity
Puzzle Library
Sporcle Events
Private Events
Virtual Trivia
Globe League
Become a Host
Pub Owners
SporcleCon
Opinionation
Our Games
Videos
Blog
Mobile Apps
Partnerships
Remove Ads and Go Orange
Feedback
Television
TV Characters
TV Show
Sitcom
Network
Friends
Reality Shows
Cast
South Park
Star Trek
The Simpsons
Doctor Who
Television
TV Characters
TV Show
Sitcom
Network
Friends
Reality Shows
Cast
South Park
Star Trek
The Simpsons
Doctor Who
Random Quiz
Search Sporcle
×
Curator Pick
Curator Pick
Television
Follow That Line
Select answers by clicking on text or image buttons
Select answers by clicking on text or image buttons
Clickable
Best Score? Go Orange.
Follow that line: Scrubs Stats
Can you pick the reply that follows each Scrubs quote?
By
arcyli
6m
22 Questions
20.9K Plays
20,876 Plays
20,876 Plays
Comments
Comments
Give Quiz Kudos
Give Quiz Kudos
-
- Ratings
hide this ad
Forced Order
Answers have to be entered in order
Answers have to be entered in order
Replay
Link that replays current quiz
Next Quiz
Link to next quiz in quiz playlist
You Got
0%
They Got
Avg Score
81%
Avg Friend Score
Upgrade to see
Score Distribution
Jump to the score distribution portion of the page
Score
0/22
Timer
06:00
0
Plays Today
% Correct
Could you *have* a bigger ass right now?
95.5%
No thanks, I already had diarrhea today.
92.7%
For the man who has nothing to hide, but still wants to.
91.6%
How did I miss that episode? Oh, right. I was making love to a woman!
91.5%
In your endo.
91.4%
We could die.
89.4%
Turk, why are you so afraid of loving me?
86.5%
I haven't seen them.
86.2%
Not everyone. Just the people that work here. Oh, and my parents.
85.3%
Oh what the hell. Back in '68 I don't like you. The end.
83.2%
You should give speeches to teenage girls.
82.4%
% Correct
Yeah, 'bout nine, nine and half.
81.9%
Same job, different outfit.
80.1%
Too easy. When you least expect it...
77.1%
I'd say you're about a B-cup, Susan.
76.6%
You should bring it in someday.
76.5%
Chas really cared for me.
75.9%
Ooh, Backbone Barbie.
74.3%
Woo-hoo. I've got a tube in my penis.
72.8%
But I've only worked here for three months
72.7%
I think your credit card statement would beg to differ.
70.9%
That's special.
67.5%
Quiz Playlist
Details
Report
Send in Message
Add To Playlist
Clickable:
Select answers by clicking on text or image buttons
Forced Order:
Answers have to be entered in order
Last Updated: Feb 16, 2017
Curator Pick in
Follow That Line
Quiz Scoreboard
CHALLENGE
Sign Up to Join the Scoreboard
Show All
Scores
Hide
Comments
May contain spoilers
Recently Published
Movies - When Are They Set?
by FPL_Elf
Movies
5m
Popular People in 1961
by mucciniale
History
6m
1-10 Letter E Words III
by El_Dandy
Language
2m
More to Explore
Quiz From the Vault
Featured Blog Post
Where Did the Easter Bunny Come From?
hide this ad
You Might Also Like...
Tags
Clickable Quiz
Follow That Line Quiz
Quote Quiz
Scrubs
Today's Top Quizzes in Television
Browse Television
hide this ad
Today's Top Quizzes in Follow That Line
Browse Follow That Line
Top Contributed Quizzes in Television
1
One Piece Logic Puzzle
2
Survivor Logic Puzzle: Heroes vs. Villains
3
Survivor Seasons
4
Survivor Season by Logo
5
Survivor Trivia
6
Survivor Logic Puzzle: Winners at War
7
Ultimate Survivor Logic Puzzle
8
Phoebe Buffay Quotes
9
One Thing in Common: Television
10
Who Wants to Be a Millionaire?
Explore More
Trending Topics
Crossword
Anime
Kpop
Disney
Marvel
NBA
Harry Potter
Song
Country
Pokémon
Soccer
NFL
WWE
The Office
Puzzle
hide this ad
More By:
arcyli
Quiz
Plays
Rating
Category
Featured
Created
Follow That Line: The Big Bang Theory
161,611
4.51
Television
Jun 18, 2012
Matching Movie Pairs
156,595
4.26
Movies
Apr 1, 2012
Follow That Line: Indiana Jones
64,017
4.73
Movies
Sep 7, 2012
Follow that line: Scrubs
20,876
4.66
Television
Jun 17, 2012
Follow that line: Groundhog Day
7,669
4.72
Movies
Jun 24, 2012
Go to Creator's Profile
Score Distribution
Quiz Creator Spotlight
arcyli
Follow
Send a Message
Quizzes Created
-
Created Quiz Play Count
-
More By This Creator
Popular Quizzes Today
1
Find the US States - No Outlines Minefield
2
Find the Countries of Europe - No Outlines Minefield
3
The Countries of the World
4
Popular People in 1961
5
1-10 Letter E Words III
6
US States
7
Find the US States
8
One Thing in Common: World Cities II
More Television Quizzes
How I Met Your Mother Trivia (Hard)
Quiz Lab
Trending Quizzes
Risky Map Clicking: Least Populous States A-Z
1-10 Letter F Words
1-10 Letter G Words
One Thing in Common: United Kingdom
Risky Map Clicking: Next State Alphabetically
Recently Updated
Leaping Animals
pecheneg
Reality TV Shows (A-Z)
bhenderson79
Rickey Henderson's Hall of Fame Teammates
pecheneg
Champions League XIs: Arsenal
pecheneg
Quick Pick: Celebrities in WWE's Hall of Fame
aduchscher
A-Z Keypad Blitz II
pecheneg
Multiple Oscar Actors
pecheneg
Mystery Phrase Blitz: Oscar 'Best Actors'
pecheneg
F. Scott Fitzgerald Novels
LTH
Pick 3 Villains
ddd62291
Trending Topics
Marvel
Crossword
Kpop
Disney
Harry Potter
NBA
Anime
Puzzle
Soccer
NFL
Pokémon
Song
WWE
Country
The Office
Your Account Isn't Verified!
In order to create a playlist on Sporcle, you need to verify the email address you used during registration. Go to your
Sporcle Settings
to finish the process.
Report this User
Report this user for behavior that violates our
Community Guidelines
.
Details:
Send Report
Go to the Sporcle.com Mobile Site →
Comments